Jeu de mots - Change ta lettre - 3 - Statistiques

Statistiques générales
  • Ce quiz a été pris 98 fois
  • Le résultat moyen est 11 sur 20
Statistiques - réponses
Hint Réponse % Correct
Celui de la girafe est très long. Cou
92%
Pas blanche. Noire
92%
Mari de la reine. Roi
90%
Fleuve français. Loire
86%
N'est pas toi. Moi
86%
En montagne, il peut succéder au lacet. Col
70%
Se produit au soleil ou bien dans un four lorsque la température est élevée. Cuire
69%
Causer du tort. Nuire
69%
N'est pas moi. Soi
66%
Mot vieilli signifiant "calme, tranquille". Coi
57%
Réfléchir la lumière. Luire
55%
Plus il est élevé plus il fait mal. Coût
48%
De plus. En ... Outre
46%
Permet d'exprimer son consentement ou bien introduire une alternative. Soit
46%
Mustélidé vivant dans les cours d'eau. Loutre
43%
Terme dont l'emploi indique que l'on en a rien à faire. Foutre
40%
Partie de quelque chose. Bout
31%
Danse dont l’air se bat à deux temps. Loure
22%
Terme de marine désignant une boîte pour les cartes. Boute
10%
Embarcation à voiles reconnaîssable à son avant effilé et à son arrière plus élevé. Boutre
10%
Aucun quiz correspondant
Distribution des résultats
% des personnes avec chaque résultat
Percentile par nombre de réponses
Votre historique - résultats
Vous n’avez pas pris ce quiz